000 00385nam a22001577a 4500
003 OSt
005 20231123064538.0
008 230426b xxu||||| |||| 00| 0 eng d
020 _a935078095X
040 _cIIMT UNIVERSITY MEERUT
100 _aKOTPAL, R.L
245 _aMODERN T.B. OF ZOOLOGY VERTEBRATES
260 _aMEERUT
_bRASTOGI PUB.
_c2023
300 _a948
942 _2ddc
_c02
999 _c56509
_d56509